| 000 | 00971nam a2200289 a 4500 | ||
|---|---|---|---|
| 008 | |||
| 020 | _a1555426417 (cased) | ||
| 049 | _aMAIN | ||
| 090 | _aHD66 | ||
| 100 | _aGuzzo, Richard A. | ||
| 245 | 0 | 0 |
_aTeam effectiveness and decision making in organizations / _cRichard A. Guzzo, Eduardo Salas and Associates. |
| 260 |
_aSan Francisco : _bJossey-Bass, _cc1995. |
||
| 300 |
_axxiv, 414 p. ; _c24 cm. |
||
| 440 | 4 | _aThe Jossey-Bass management series. | |
| 440 | 4 | _aThe Jossey-Bass social and behavioral science series. | |
| 440 | 0 | _aFrontiers of industrial and organizational psychology. | |
| 504 | _aIncludes bibliographical references. | ||
| 500 | _aIncludes index. | ||
| 650 | 0 | _aTeams in the workplace. | |
| 650 | 0 | _aGroup decision making. | |
| 700 | 1 | _aSalas, Eduardo. | |
| 907 |
_a.b10082645 _b17-07-03 _c15-07-03 |
||
| 003 | |||
| 005 | 20230123133337.0 | ||
| 040 | _cNUST | ||
| 942 |
_cBOOKS _kHD66 |
||
| 999 |
_c146973 _d146973 |
||